| 000 | 00876nas a2200277 4500 | ||
|---|---|---|---|
| 001 | BR0904226 | ||
| 003 | BR-BrBNA | ||
| 005 | 20231205113308.0 | ||
| 007 | ta | ||
| 008 | 230509b bl.|||p| |||| 00| 00por d | ||
| 040 |
_aBR-BrBNA _bpor _cBiblioteca Nacional de Agricultura |
||
| 041 | _a(Pt) | ||
| 072 | _aL70 | ||
| 100 | 1 | _aBaungarten, L.B. | |
| 100 | 1 | _aFreitas, P.M.C. | |
| 100 | 1 | _aSalgado, A.E.P. | |
| 100 | 1 | _aNunes, L.C. | |
| 100 | 1 | _aBeletti, M.E. | |
| 245 | 1 | _aBlefaroplastia em coelhos por meio de cartilagem auricular alógena conservada em solução saturada de NaCl | |
| 650 | _aCOELHO | ||
| 650 | _aCIRURGIA | ||
| 650 | _aCARTILAGEM | ||
| 773 | 0 |
_tArquivo Brasileiro de Medicina Veterinária e Zootecnia (Brazil) _xISSN 0102-0935 _g(Oct 2007), v. 59(5) p. 1219-1223 _wBR0904226 |
|
| 909 |
_a202311 _bLúcia _c55 _dLúcia Elande |
||
| 942 |
_2AGRIS _n0 _cANA |
||
| 999 |
_c202960 _d202960 |
||